ARRUPE JESUIT UNIVERSITY

CORONAVIRUS -STOP THE SPREAD - CLEAN,DISINFECT,COVER

Psychology of the Japanese people. (Record no. 129716)

MARC details
000 -LEADER
fixed length control field 01004cam a2200289 4500
001 - CONTROL NUMBER
control field 1248563
005 - DATE AND TIME OF LATEST TRANSACTION
control field 20190815122252.0
008 - FIXED-LENGTH DATA ELEMENTS--GENERAL INFORMATION
fixed length control field 720705s1971 ja b 000 0 eng
010 ## - LIBRARY OF CONGRESS CONTROL NUMBER
LC control number 72309884
015 ## - NATIONAL BIBLIOGRAPHY NUMBER
National bibliography number Ja***
040 ## - CATALOGING SOURCE
Original cataloging agency DLC
Transcribing agency DLC
Modifying agency DLC
041 1# - LANGUAGE CODE
Language code of text/sound track or separate title engjpn
043 ## - GEOGRAPHIC AREA CODE
Geographic area code a-ja---
050 00 - LIBRARY OF CONGRESS CALL NUMBER
Classification number DS821
Item number .M4813
082 00 - DEWEY DECIMAL CLASSIFICATION NUMBER
Classification number 915.2/03/4
100 1# - MAIN ENTRY--PERSONAL NAME
Personal name Minami, Hiroshi,
Dates associated with a name 1914-2001.
9 (RLIN) 47843
240 10 - UNIFORM TITLE
Uniform title <a href="Nihonjin no shinri.">Nihonjin no shinri.</a>
Language of a work English
245 10 - TITLE STATEMENT
Title Psychology of the Japanese people.
Statement of responsibility, etc Translated by Albert R. Ikoma, under the auspices of the East-West Center.
260 ## - PUBLICATION, DISTRIBUTION, ETC. (IMPRINT)
Place of publication, distribution, etc [Tokyo]
Name of publisher, distributor, etc University of Tokyo Press
Date of publication, distribution, etc [1971]
300 ## - PHYSICAL DESCRIPTION
Extent xvii, 177 p.
Dimensions 24 cm.
350 ## - PRICE (NR) (BK AM CF MU VM SE) [OBSOLETE]
Price Y2000
500 ## - GENERAL NOTE
General note "Originally published in Japanese as Nihonjin no shinri by Iwanami Shoten, Tokyo, 1953."
504 ## - BIBLIOGRAPHY, ETC. NOTE
Bibliography, etc Includes bibliographical references.
650 #0 - SUBJECT ADDED ENTRY--TOPICAL TERM
Topical term or geographic name as entry element National characteristics, Japanese.
9 (RLIN) 47844
906 ## - LOCAL DATA ELEMENT F, LDF (RLIN)
a 7
b cbc
c orignew
d 3
e ncip
f 19
g y-gencatlg
942 ## - ADDED ENTRY ELEMENTS (KOHA)
Source of classification or shelving scheme Library of Congress Classification
Item type Monograph ( Printed materials)
Holdings
Withdrawn status Lost status Source of classification or shelving scheme Damaged status Not for loan Home library Current library Date acquired Total Checkouts Full call number Barcode Date last seen Date last borrowed Price effective from Koha item type
    Library of Congress Classification     ARRUPE LIBRARY ARRUPE LIBRARY 15/08/2019 1 DS821 .M4813 46004004731 02/09/2019 15/08/2019 15/08/2019 Monograph ( Printed materials)

 

Arrupe Library. PO Box MP320 Mt Pleasant, Harare, Zimbabwe
263 242 745411|librarian@aju.ac.zw